Analogies #1 - Statistiques

Statistiques générales
  • Ce quiz a été pris 1 227 fois
  • Le résultat moyen est 15 sur 20
Statistiques - réponses
L'un est pour l'autre Ce que... % Correct
Chiot est à chien {Chaton} est à chat
96%
Solaire est au soleil {Lunaire} est à la lune
95%
Mains sont aux Humains {Pattes} sont aux chats
94%
Professeur est à Université Acrobate est au {Cirque}
90%
Neige est à flocon Pluie est à {Goutte}
90%
Bill Gates est à Microsoft Steve Jobs est à {Apple}
89%
Everest est à Asie Kilimandjaro est à l'{Afrique}
88%
Danke est à Allemand {Gracias} est à Espagne
86%
32 est à dents 206 est à {Os}
84%
Bowser est à Mario {Voldemort} est à Harry Potter
82%
Earl Grey est au thé Leffe est à la {Bière}
79%
Ballon est au football {Palet} est au Hockey sur glace
79%
Au est à l'or Pb est au {Plomb}
79%
Jupiter est à Rome {Zeus} est à la Grèce
77%
Bovin est à vache {Canin} est à chien
76%
Halal est à Islam {Casher} est au Judaïsme
65%
Voiture est à garage Avion est à {Hangar}
52%
Moulins est à Allier {La Rochelle} est à Charente-Maritime
35%
Paris est à Orly {Tokyo} est à Narita
18%
Boeuf est à vache Calamar est à {Encornet}
6%
Aucun quiz correspondant
Distribution des résultats
% des personnes avec chaque résultat
Percentile par nombre de réponses
Votre historique - résultats
Vous n’avez pas pris ce quiz